01181cam a22002651a 450000100060000000300080000600500170001400800410003103500190007203500180009104000420010904100080015108200220015910000340018124501410021526001310035630000250048750400530051265000350056565000310060094200120063199900170064395201140066095201410077434225BD-RjUL20211209052126.0140514s1962 nyu b 001 0 eng  a(BD-RjUL)34319 a(OCoLC)263330 aDLCcODaWUdMoU-StdDLCdBD-RjULbeng aeng a303.044bFRI 19621 aFriedlander, Walter A.92020410aIndividualism & social welfare :ban analysis of the system of social security and social welfare in France /cby Walter A. Friedlander. aNew York :bFree Press of Glencoe ;aEast Lansing :bBureau of Social & Political Research, Michigan State University,cc1962. aix, 251 p. ;c24 cm. aIncludes bibliographical references and indexes. 0aPublic welfarezFrance.918941 0aCharitieszFrance.9104039 2ddccBK c34225d34225 00102ddc4070aRUCLbRUCLcStackd2014-05-14l0o303.044 FRI 1962r2014-05-14 00:00:00tC-2w2014-05-14yBK 00102ddc40718NFICaRUCLbRUCLcReadingd1994-02-26eZeitlingerg50.00l0o303.044 FRI 1962r2016-12-07 00:00:00tC-1w2016-12-07yBK